Termcap and terminfo

Αποθηκεύτηκε σε:
Λεπτομέρειες βιβλιογραφικής εγγραφής
Κύριος συγγραφέας: Strang, John, 1961-
Άλλοι συγγραφείς: Mui, Linda, O'Reilly, Tim
Μορφή: Βιβλίο
Γλώσσα:English
Δημοσίευση: Sebastopol, CA : O'Reilly, c1992.
Σειρά:Nutshell handbook
Θέματα:
Ετικέτες: Προσθήκη ετικέτας
Δεν υπάρχουν, Καταχωρήστε ετικέτα πρώτοι!

MARC

LEADER 00000cam a2200000 i 4500
001 1/93219
008 991118s1992 cau| ||| |||| ||eng||
020 |a 0937175226 
035 |l 10054334 
040 |a GR-MyUa  |b gre  |e AACR2 
041 0 |a eng 
082 7 |a 005.43   |2 (22) 
100 1 |a Strang, John,   |d 1961- 
245 1 0 |a Termcap and terminfo /   |c John Strang, Linda Mui, and Tim O'Reilly. 
246 1 |i Τίτλος εξωφύλλου:   |a Termcap & terminfo 
260 |a Sebastopol, CA :   |b O'Reilly,   |c c1992. 
300 |a xv, 253 σ. ;   |c 22 εκ. 
490 1 |a (Nutshell handbook) 
500 |a "Help for UNIX system administrators"-- Εξώφυλλο. 
500 |a Περιλαμβάνει ευρετήριο. 
630 0 0 |a Termcap. 
630 0 0 |a Terminfo (Computer file) 
630 0 0 |a UNIX (Computer file) 
700 0 |a Mui, Linda. 
700 1 |a O'Reilly, Tim. 
830 0 |a Nutshell handbook 
852 |a INST  |b SAMOS  |e 19991118  |h 005.43 STR  |p 005300016737  |q 005300016737  |t BK  |y 0 
901 |a BIBL3-2000-2 
922 |a 3ΕΛΗ  |b 199910  |c ΤΠΕΣ  |d ΠΑΠΑΣΩΤΗΡΙΟΥ 
950 |a 133-1999-07-20 
970 |z 2000/05/ΜΠΡΑΤΤΗΣ